ACM Computing Surveys

Salvato in:
Dettagli Bibliografici
Natura: Periodico
Pubblicazione: 1992
Tags: Aggiungi Tag
Nessun Tag, puoi essere il primo ad aggiungerne!!

MARC

LEADER 00000nas a22000003a 4500
001 stu63985
005 20141121233326.3
008 011106s1992----------------------------d
040 |a STU  |b slo 
041 0
245 |a ACM Computing Surveys 
260 |c 1992 
500 |a 1-4 
500 |a 4 
773 0 |t ACM Computing Surveys :  |w stu_us_cat*stu59349  |x 0360-0300  |7 nnas 
996 |d Vol. 24, 1992  |v Vol. 24  |y 1992  |l EE0103  |s A  |a 24  |w stu63985_0001